UM Logo

Impact of webinar toward individual work performance among employees in higher education institution in digos city / (Record no. 20478)

MARC details
000 -LEADER
fixed length control field 00747nam a22001817a 4500
005 - DATE AND TIME OF LATEST TRANSACTION
control field 20260416114850.0
008 - FIXED-LENGTH DATA ELEMENTS--GENERAL INFORMATION
fixed length control field 240815b ||||| |||| 00| 0 eng d
082 ## - DEWEY DECIMAL CLASSIFICATION NUMBER
Edition number 2023
Classification number UT
100 ## - MAIN ENTRY--PERSONAL NAME
Personal name Cosain, Asnaira.
9 (RLIN) 57825
245 ## - TITLE STATEMENT
Title Impact of webinar toward individual work performance among employees in higher education institution in digos city /
Statement of responsibility, etc. Asnaira Cosain, Jasmine Egos, and Angel Marrie Gadiano
260 ## - PUBLICATION, DISTRIBUTION, ETC. (IMPRINT)
Place of publication, distribution, etc. Digos City :
Name of publisher, distributor, etc. UMDC,
Date of publication, distribution, etc. ©May 2023.
300 ## - PHYSICAL DESCRIPTION
Extent viii, 56 pages :
Dimensions 30 cm.
Other physical details illustrations (some colors) :
500 ## - GENERAL NOTE
General note Includes references and appendices.
650 ## - SUBJECT ADDED ENTRY--TOPICAL TERM
Topical term or geographic name as entry element Human Resources Management :
General subdivision Undergraduate Thesis.
9 (RLIN) 57539
700 ## - ADDED ENTRY--PERSONAL NAME
Personal name Egos, Jasmine.
9 (RLIN) 57826
700 ## - ADDED ENTRY--PERSONAL NAME
Personal name Gadiano, Angel Marrie.
9 (RLIN) 57827
942 ## - ADDED ENTRY ELEMENTS (KOHA)
Source of classification or shelving scheme Dewey Decimal Classification
Koha item type Undergraduate Thesis
Holdings
Withdrawn status Lost status Source of classification or shelving scheme Damaged status Not for loan Collection code Home library Current library Date acquired Total Checkouts Full call number Date last seen Price effective from Koha item type
    Dewey Decimal Classification     Undergraduate Theses UM Digos College - LIC UM Digos College - LIC 05/10/2024   UT 08/15/2024 08/15/2024 Undergraduate Thesis